Structural and stress analysis (Record no. 103871)
[ view plain ]
| 000 -LEADER | |
|---|---|
| fixed length control field | 00972cam a2200277 4500 |
| 008 - FIXED-LENGTH DATA ELEMENTS--GENERAL INFORMATION | |
| fixed length control field | 041125n2005 000 0 eng u |
| 020 ## - INTERNATIONAL STANDARD BOOK NUMBER | |
| International Standard Book Number | 0750662212 |
| 035 ## - SYSTEM CONTROL NUMBER | |
| System control number | (Sirsi) u128136 |
| 041 ## - LANGUAGE CODE | |
| Language code of text/sound track or separate title | eng |
| 050 ## - LIBRARY OF CONGRESS CALL NUMBER | |
| Classification number | 624.171 |
| -- | 22 |
| 100 ## - MAIN ENTRY--PERSONAL NAME | |
| Personal name | Megson, T. H. G. |
| 245 ## - TITLE STATEMENT | |
| Title | Structural and stress analysis |
| 250 ## - EDITION STATEMENT | |
| Edition statement | 2nd ed. |
| 260 ## - PUBLICATION, DISTRIBUTION, ETC. | |
| Place of publication, distribution, etc. | Oxford |
| Name of publisher, distributor, etc. | Elsevier Butterworth-Heinemann |
| Date of publication, distribution, etc. | 2005 |
| 300 ## - PHYSICAL DESCRIPTION | |
| Extent | xiv, 724p. |
| Dimensions | 25cm. |
| 350 ## - PRICE (NR) (BK AM CF MU VM SE) [OBSOLETE] | |
| Price | 27.99 |
| 520 ## - SUMMARY, ETC. | |
| Summary, etc. | Introductory text for students of civil engineering which covers the associated topics of structural and stress analysis. Includes items on basic structural theory as well as discussing computer based applications and provides detailed worked examples. |
| 590 ## - LOCAL NOTE (RLIN) | |
| Local note | NB |
| 650 ## - SUBJECT ADDED ENTRY--TOPICAL TERM | |
| Topical term or geographic name entry element | STRUCTURAL ANALYSIS |
| 650 ## - SUBJECT ADDED ENTRY--TOPICAL TERM | |
| Topical term or geographic name entry element | STRESS SYSTEMS |
| 650 ## - SUBJECT ADDED ENTRY--TOPICAL TERM | |
| Topical term or geographic name entry element | STRUCTURAL DESIGN |
| 650 ## - SUBJECT ADDED ENTRY--TOPICAL TERM | |
| Topical term or geographic name entry element | STRUCTURAL ENGINEERING |
| 650 ## - SUBJECT ADDED ENTRY--TOPICAL TERM | |
| Topical term or geographic name entry element | CIVIL ENGINEERING |
| 690 ## - LOCAL SUBJECT ADDED ENTRY--TOPICAL TERM (OCLC, RLIN) | |
| Topical term or geographic name as entry element | BUILT ENVIRONMENT-CONSTRUCTION DESIGN |
| 942 ## - ADDED ENTRY ELEMENTS (KOHA) | |
| Suppress in OPAC | 0 |
| Withdrawn status | Lost status | Source of classification or shelving scheme | Damaged status | Not for loan | Home library | Current library | Shelving location | Date acquired | Cost, normal purchase price | Total Checkouts | Full call number | Barcode | Date last seen | Copy number | Cost, replacement price | Price effective from | Koha item type |
|---|---|---|---|---|---|---|---|---|---|---|---|---|---|---|---|---|---|
| Dewey Decimal Classification | London | London | Books | 17/03/2005 | 23.79 | 624.171 MEG | 30069884 | 06/08/2019 | 1 | 23.79 | 06/08/2019 | Book |